banner koha

Biografias / (Registro n. 8012)

MARC details
000 -LÍDER
campo de controle de tamanho fixo 00783nam a2200241 a 4500
001 - NÚMERO DE CONTROLE
campo de controle BS0002951
003 - IDENTIFICADOR DO NÚMERO DE CONTROLE
campo de controle BR-BrBNA
005 - DATA E HORÁRIO DA ÚLTIMA TRANSAÇÃO
campo de controle 20230418192157.0
008 - CAMPO DE DADOS FIXOS--INFORMAÇÃO GERAL
campo de controle de tamanho fixo 230308b |||||||| |||| 00| 0 por d
040 ## - FONTE DA CATALOGAÇÃO
Instituição da catalogação original BR-BrBNA
Idioma da catalogação por
Instituição que transcreveu o registro Biblioteca Nacional de Agricultura
041 ## - CÓDIGO DE IDIOMA
Código do idioma do texto/trilha sonora ou título diferente por
072 ## - CÓDIGO DE CATEGORIA DE ASSUNTO
Código de Categoria de Assunto B60
090 ## - NÚMERO DE CHAMADA LOCAL
Número de chamada B60 BS0002951
110 1# - ENTRADA PRINCIPAL--NOME CORPORATIVO
Nome corporativo ou nome da jurisdição Fundação Alexandre Gusmão.
245 1# - TÍTULO
Título Biografias /
250 1# - EDIÇÃO
Edição 1. ed.
260 3# - PUBLICAÇÃO, DISTRIBUIÇÃO, ETC.
Local de publicação, distribuição, etc. Brasília, DF:
Nome do editor, distribuidor, etc. Fundação Alexandre Gusmão.,
Data da publicação, distribuição, etc. 2009.
300 ## - DESCRIÇÃO FÍSICA
Extensão 84 p.
520 3# - NOTA DE RESUMO, ETC
Resumo, etc. A presente publicação refere-se a seleção de 55 biografias de personalidades que se destacaram na construção do Brasil e indispensáveis para o conhecimento do país.
650 ## - ASSUNTO--TERMO TÓPICO
Cabeçalho tópico ou nome geográfico BIOGRAFIA
909 ## -
-- 202304
-- Sergio Santos
-- 56
-- Sergio Santos
942 ## - ELEMENTOS DE ENTRADA ADICIONADOS (KOHA)
Tipo de material Koha Livros
Exemplares
Situação do descarte Fonte da classificação ou esquema de arquivamento na estante Situação física Não pode ser emprestado Coleção Biblioteca de origem Biblioteca atual Total de empréstimos Número de telefone completo Código de barras Data de último acesso Número do exemplar Tipo de material Koha Situação das perdas Data de aquisição Fonte de aquisição Qualificador de local codificado
  Classificação AGRIS     Acervo Cultural Biblioteca Nacional de Agricultura - Binagri Biblioteca Nacional de Agricultura - Binagri   B60 BS0002951 B60 BS0002951 12/04/2023 01 Livros   2023-04-04 Doação B60

BINAGRI

Telefone: (61)3218-2567/2388/3357/2097 - binagri@agro.gov.br

Ministério da Agricultura e Pecuária , Esplanada dos Ministérios, Bloco D, Anexo B, Brasília/DF, CEP: 70.043-900